Unprotected (Record no. 2095)
[ view plain ]
| 000 -LEADER | |
|---|---|
| fixed length control field | 01442nam a2200337 a 4500 |
| 082 04 - DEWEY DECIMAL CLASSIFICATION NUMBER | |
| Classification number | 305.892/74062 |
| 100 1# - MAIN ENTRY--AUTHOR NAME | |
| Personal name | El-Abed, Oroub. |
| 245 10 - TITLE STATEMENT | |
| Title | Unprotected |
| 260 ## - PUBLICATION, DISTRIBUTION, ETC. (IMPRINT) | |
| Place of publication | Beirut, Lebanon ; |
| -- | Washington, DC : |
| Name of publisher | Institute for Palestine Studies ; |
| Place of publication | Ottawa [Ont.] : |
| Name of publisher | International Development Research Centre, |
| Year of publication | c2009. |
| 300 ## - PHYSICAL DESCRIPTION | |
| Number of Pages | xxviii, 253 p. : |
| Other physical details | maps. |
| 650 #0 - SUBJECT ADDED ENTRY--TOPICAL TERM | |
| Topical Term | Palestinian Arabs |
| Topical Term | Palestinian Arabs |
| Topical Term | Palestinian Arabs |
| 856 40 - ELECTRONIC LOCATION AND ACCESS | |
| Uniform Resource Identifier | http://site.ebrary.com/lib/rucke/Doc?id=10286213 |
No items available.
